| 000 | 00485nam a2200145Ia 4500 | ||
|---|---|---|---|
| 008 | 140724s9999 xx 000 0 und d | ||
| 050 |
_aHD 58.7 _b.N754 |
||
| 100 | _aNobuta, Oliver Toru R. | ||
| 245 |
_aLevel of customer satisfaction of Tea Talk Café Customers / _cOliver Toru R. Nobuta. |
||
| 260 |
_aLas Piñas, Philippines : _bSouthville International School and Colleges, |
||
| 300 |
_a49 p. : _c28 cm. |
||
| 521 | _aHuman Resource Management | ||
| 942 | _cTH | ||
| 999 |
_c229133 _d229133 |
||